000 00333nam a22001457a 4500
008 230706b ||||| |||| 00| 0 eng d
020 _a9780134122588
041 _aeng
080 _21ST EDITION
_a51
082 _a51BIT
100 _a23
101 _aMATE
245 _aCALCULUS AND ITS APPLICATIONS
_cBITTINGER
942 _2udc
_cBK
999 _c60103
_d60103